| Tag |
First Indicator |
Second Indicator |
Subfields |
| LEADER |
00000cem a2200000 4500 |
| 001 |
in00002781805 |
| 005 |
20150922114701.0 |
| 008 |
710812s1977 txu a 0 eng |
| 034 |
0 |
|
|a a
|
| 040 |
|
|
|d UtOrBLW
|
| 043 |
|
|
|a n-us-tx
|
| 052 |
|
|
|a 4034
|b R5
|
| 052 |
|
|
|a 4033
|b S7
|
| 090 |
|
|
|a G4034.R5 1977
|b .C6
|
| 110 |
2 |
|
|a Coggeshall Map Service.
|
| 245 |
1 |
0 |
|a Rio Grande City, Texas /
|c [compliments of] First National Bank of Rio Grande City, Chamber of Commerce.
|
| 246 |
1 |
|
|i Panel title:
|a Map of Rio Grande City Texas with Roma-Los Saenz & Starr County
|
| 255 |
|
|
|a Scale not given.
|
| 264 |
|
1 |
|a Alamo, Tex. :
|b Coggeshall Map Service,
|c [1977]
|
| 300 |
|
|
|a 1 map :
|b color ;
|c on sheet 51 x 45 cm.
|
| 336 |
|
|
|a cartographic image
|b cri
|2 rdacontent
|
| 337 |
|
|
|a unmediated
|b n
|2 rdamedia
|
| 338 |
|
|
|a sheet
|b nb
|2 rdacarrier
|
| 500 |
|
|
|a "B111-5-R1177."
|
| 500 |
|
|
|a Includes indexes and inset of Roma-Los Saenz.
|
| 500 |
|
|
|a Map of "Starr County Texas" on verso.
|
| 500 |
|
|
|a Cartographic material.
|
| 651 |
|
0 |
|a Rio Grande City (Tex.)
|v Maps.
|
| 651 |
|
0 |
|a Roma (Tex.)
|v Maps.
|
| 651 |
|
0 |
|a Starr County (Tex.)
|v Maps.
|
| 948 |
|
|
|a Needs original cataloging
|b h
|c 2012/9/11
|d c
|e jgreene
|f 4:21:21 pm
|
| 999 |
|
|
|a MARS
|
| 999 |
f |
f |
|s f56c861f-3ff2-30a2-afc1-4bb155bd599b
|i 5cc694f0-ea06-3f2b-917e-ee96c9bc05c5
|t 0
|
| 952 |
f |
f |
|p normal
|a Texas A&M University
|b College Station
|c Sterling C. Evans Library
|d Evans: Maps (2nd floor)
|t 0
|e G4034.R5 1977 .C6
|h Library of Congress classification
|i unmediated -- sheet
|m A14841107216
|
| 998 |
f |
f |
|a G4034.R5 1977 .C6
|t 0
|l Evans: Maps (2nd floor)
|